000 00377nam a2200145 a 4500
005 20140513081053.0
008 090910s19uu xx 00 eng d
050 _aKit
_bRAN 1982
245 _aRanibow land /
_cMac Fadden, Michelle.
260 _aCalifornia :
_bSuperscope,
_c1982.
440 _aTele - story presents
650 _aShapes
650 _aColors
999 _c116393
_d116393